Best & Worst Reviewed Disney Animated Movies - Statistics

General Stats
  • This quiz has been taken 73 times
  • The average score is 13 of 20
Answer Stats
Year Score Movie % Correct
1950 / 1959 85 Cinderella | Sleeping Beauty (tied)
92%
1937 95 Snow White and the Seven Dwarfs
88%
1994 88 The Lion King
88%
1992 86 Aladdin
83%
1991 95 Beauty and the Beast
83%
1941 98 Dumbo
83%
1989 88 The Little Mermaid
83%
1940 99 Pinocchio
80%
1940 96 Fantasia
77%
1995 58 Pocahontas
69%
1942 91 Bambi
67%
2001 52 Atlantis: The Lost Empire
52%
2003 48 Brother Bear
48%
1985 59 The Black Cauldron
47%
2005 48 Chicken Little
45%
1973 57 Robin Hood
44%
2000 56 Dinosaur
41%
1999 59 Fantasia 2000
39%
2004 50 Home on the Range
39%
1988 58 Oliver & Company
39%
No matching quizzes found
Score Distribution
Percent of People with Each Score
Percentile by Number Answered
Your Score History
You have not taken this quiz